| 000 | 00908nam a22002657i 4500 | ||
|---|---|---|---|
| 999 |
_c22730 _d22730 |
||
| 003 | AR-CdUCM | ||
| 008 | 231019b20142014pe a|||| |||| 001 0 spa d | ||
| 040 |
_aMUNICIPALIDAD PROVINCIAL DEL CUSCO _cBIBLIOTECA MUNICIPAL DEL CUSCO |
||
| 041 | _hspa | ||
| 082 |
_a869.56 / C5574G _bC5574G |
||
| 100 |
_aChirinos, Guido _948982 |
||
| 245 |
_aGota de Agua : _bCrónicas de la radio / |
||
| 260 |
_aSicuani-Cusco : _c2014. |
||
| 300 |
_a146 páginas. : _c21 cm. |
||
| 500 | _zBibliografía: páginas 143-145 | ||
| 505 | _aHaga su agosto -- El perro -- Tricitaxi -- No voy al mundial -- Rey inca -- Cuatro lagunas que sapos -- Elefante blanco | ||
| 650 |
_aCacerito _949194 |
||
| 650 |
_aNoche bohemia _949195 |
||
| 650 |
_aPuente viejo _949196 |
||
| 650 |
_aCuatro lagunas _949174 |
||
| 650 |
_aChiaraje _949197 |
||
| 650 |
_aExtraterrestre _923530 |
||
| 942 |
_2ddc _cLIBROS |
||
| 945 |
_apebm _d2023-10-19 |
||